书目信息 |
| 题名: |
世界体育秘史
|
|
| 作者: | 托马佐 主编 ;孙奇 , 李畅 , 杨雅乔 译 | |
| 分册: | ||
| 出版信息: | 北京 社会科学文献出版社 2021.04 |
|
| 页数: | 849页 | |
| 开本: | 21cm | |
| 丛书名: | ||
| 单 册: | ||
| 中图分类: | G811.9 | |
| 科图分类: | ||
| 主题词: | 体育运动史--ti yu yun dong shi--世界 | |
| 电子资源: | ||
| ISBN: | 978-7-5201-8133-4 | |
| 000 | 01278nam0 2200301 450 | |
| 001 | 202021194321 | |
| 005 | 20211025120147.0 | |
| 010 | @a978-7-5201-8133-4@b精装@dCNY138.00 | |
| 100 | @a20211004d2021 em y0chiy50 ea | |
| 101 | 1 | @achi@cfre |
| 102 | @aCN@b110000 | |
| 105 | @ay z 000yy | |
| 106 | @ar | |
| 200 | 1 | @a世界体育秘史@Ashi jie ti yu mi shi@f(法) 弗朗索瓦·托马佐主编@d= Histoire secrète du sport@fFrancois Thomazean@g孙奇, 李畅, 杨雅乔译@zfre |
| 210 | @a北京@c社会科学文献出版社@d2021.04 | |
| 215 | @a849页@d21cm | |
| 300 | @a思想会 | |
| 314 | @a弗朗索瓦·托马佐, 曾担任路透社巴黎分社体育部主管。 | |
| 330 | @a本书从独特视角另辟蹊径, 深挖一段少人问津的历史。作者将为您揭开两个世纪体育发展历程的神秘面纱, 讲述那些远离聚光灯却又对体育事业的实践与发展影响巨大的人物与故事。该书分业余时代 (1820-1936) ; 宣传时代 (1936-1972) ; 体育事业的胜利 (1972-1998) ; 变革时期 (1998-2018) 共四部分。 | |
| 500 | 10 | @aHistoire secrète du sport@mChinese |
| 606 | 0 | @a体育运动史@Ati yu yun dong shi@y世界 |
| 690 | @aG811.9@v5 | |
| 701 | 1 | @a托马佐@Atuo ma zuo@g(Thomazean, Francois)@4主编 |
| 702 | 0 | @a孙奇@Asun qi@4译 |
| 702 | 0 | @a李畅@Ali chang@4译 |
| 702 | 0 | @a杨雅乔@Ayang ya qiao@4译 |
| 801 | 0 | @aCN@c20210909 |
| 905 | @a河南城建学院图书馆@dG811.9@eT964 | |
| 世界体育秘史/(法) 弗朗索瓦·托马佐主编= Histoire secrète du sport/Francois Thomazean/孙奇, 李畅, 杨雅乔译.-北京:社会科学文献出版社,2021.04 |
| 849页;21cm |
| 思想会 |
| ISBN 978-7-5201-8133-4(精装):CNY138.00 |
| 本书从独特视角另辟蹊径, 深挖一段少人问津的历史。作者将为您揭开两个世纪体育发展历程的神秘面纱, 讲述那些远离聚光灯却又对体育事业的实践与发展影响巨大的人物与故事。该书分业余时代 (1820-1936) ; 宣传时代 (1936-1972) ; 体育事业的胜利 (1972-1998) ; 变革时期 (1998-2018) 共四部分。 |
| ● |
| 相关链接 |
|
|
|
正题名:世界体育秘史
索取号:G811.9/T964
 
预约/预借
| 序号 | 登录号 | 条形码 | 馆藏地/架位号 | 状态 | 备注 |
| 1 | 1543409 | 215434091 | 社科库409/409社科库 21排2列4层/ [索取号:G811.9/T964] | 在馆 |